| 000 | 00779nam a2200241 u 4500 | ||
|---|---|---|---|
| 005 | 20241011063814.0 | ||
| 008 | 110517s1995 es r 000 0 spa d | ||
| 020 | _a8470436899 | ||
| 035 | _aUPN01000180511 | ||
| 049 | _aCG | ||
| 050 | 4 |
_aHQ796 _bL3.2 1995 |
|
| 100 | 1 | _aLasconi, Tonino | |
| 245 | 1 | 0 |
_aAdolescentes como tú : _bpequeños y grandes interrogantes de los chicos y chicas / _cTonino Lasconi ; tr. Antonio Sánchez Romo. |
| 250 | _a2a ed. | ||
| 260 |
_aMadrid : _bCCS, _c1995. |
||
| 300 |
_a113 p. : _bil. |
||
| 440 | 0 |
_aCrecer ; _v2 |
|
| 534 |
_pTítulo original: _tAdolescenti allo specchio |
||
| 650 | 0 |
_aAdolescentes _xConducta de vida _91767 |
|
| 650 | 4 |
_aEducación de adolescentes _9252 |
|
| 650 | 4 |
_aPsicología del adolescente _91013 |
|
| 905 | _aLibro | ||
| 999 |
_c152614 _d152614 |
||